Normal view MARC view

Entry Uniform Title

Number of records used in: 5

001 - CONTROL NUMBER

  • control field: 30438

003 - CONTROL NUMBER IDENTIFIER

  • control field: dpl

005 - DATE AND TIME OF LATEST TRANSACTION

  • control field: 20110729104253.0

008 - FIXED-LENGTH DATA ELEMENTS

  • fixed length control field: 110729|||a|||||| | ||| d

040 ## - CATALOGING SOURCE

  • Original cataloging agency: dpl
  • Transcribing agency: dpl

130 ## - HEADING--UNIFORM TITLE

  • Uniform title: India-the land and the people

670 ## - SOURCE DATA FOUND

  • Source citation: Work cat.: (dpl)54347: Tiwari, Wishwa Mohan 30437, Joy of bird watching / , 2008

670 ## - SOURCE DATA FOUND

  • Source citation: Work cat.: (dpl)54347: Tiwari, Wishwa Mohan 30437, Joy of bird watching / , 2008

© Delhi Public Library
Hit Counter
free hit counter